| 000 | 00908nam a2200193 i 4500 | ||
|---|---|---|---|
| 001 | 26165 | ||
| 003 | ES-MaACL | ||
| 005 | 20230906153409.0 | ||
| 007 | t| | ||
| 008 | 030108s1966 sp ||||1| spa d | ||
| 245 | 0 | 0 |
_aAspectos económicos del cine español _b: período 1953 a 1965 / _c[trabajo del Servicio Sindical de Estadística ; elaboración a cargo del Servicio de Estadística en el Sindicato Nacional del Espectáculo ; dirección y comentarios, Ramón del Valle Fernández]. |
| 260 |
_aMadrid : _bEdiciones y Publicaciones Populares : _bServicio Sindical de Estadística, _c1966. |
||
| 300 |
_a240 p. : _bil. ; _c21 x 25 cm. |
||
| 650 | 4 |
_aIndustria cinematográfica- _zEspaña. _9164509 |
|
| 700 | 1 |
_aValle Fernández, Ramón del. _9112788 |
|
| 710 | 2 |
_aServicio Sindical de Estadística (España) _9164510 |
|
| 710 | 2 |
_aSindicato Nacional del Espectáculo. _96610 |
|
| 852 |
_aES-MaACL _jC-31101 |
||
| 999 |
_c26165 _d26165 |
||